History Quiz

Random History or Astronomy Quiz

Moon Walkers Quiz Stats

 Plays Quiz Updated Mar 6, 2019

Score 0/12 Timer 02:00
0 Plays Today
Mission Astronaut % Correct
Apollo 11Neil A. Armstrong
98.7%
Apollo 11Edwin E. Aldrin
90.6%
Apollo 14Alan B. Shepard
52.5%
Apollo 12Alan L. Bean
45.3%
Apollo 12Charles P. Conrad
43.1%
Apollo 16John W. Young
39.4%
Apollo 16Charles M. Duke
38.1%
Apollo 15David R. Scott
37.1%
Apollo 14Edgar D. Mitchell
36.3%
Apollo 15James B. Irwin
35%
Apollo 17Eugene A. Cernan
34.3%
Apollo 17Harrison H. Schmitt
32%

You're not logged in!

Compare scores with friends on all Sporcle quizzes.
OR
Log In

Sporcle TV

Today on Sporcle TV


Watch our educational content, quiz creation guides, and fun videos on Sporcle TV.

Show Comments

Extras

Top Quizzes Today


Score Distribution

Your Account Isn't Verified!

In order to create a playlist on Sporcle, you need to verify the email address you used during registration. Go to your Sporcle Settings to finish the process.

Report this User

Report this user for behavior that violates our Community Guidelines.

Details: